TH-MS-Cloning & Sequence Analysis of Hepatitis C Virus (HCV) Non Structural Protein 2 (NS2) Pakistani Isolates (Record no. 480775)
[ view plain ]
| 000 -LEADER | |
|---|---|
| fixed length control field | 00654nam a22001937a 4500 |
| 003 - CONTROL NUMBER IDENTIFIER | |
| control field | ASAB |
| 005 - DATE AND TIME OF LATEST TRANSACTION | |
| control field | 20180827062825.0 |
| 008 - FIXED-LENGTH DATA ELEMENTS--GENERAL INFORMATION | |
| fixed length control field | 180504t xxu||||| |||| 00| 0 eng d |
| 040 ## - CATALOGING SOURCE | |
| Transcribing agency | ASAB |
| 082 ## - DEWEY DECIMAL CLASSIFICATION NUMBER | |
| Classification number | Thesis 2010 AS |
| 100 ## - MAIN ENTRY--PERSONAL NAME | |
| Personal name | Amna Salman-sup-Dr. Ishtiaq Qadri |
| 9 (RLIN) | 3745 |
| 245 ## - TITLE STATEMENT | |
| Title | TH-MS-Cloning & Sequence Analysis of Hepatitis C Virus (HCV) Non Structural Protein 2 (NS2) Pakistani Isolates |
| Statement of responsibility, etc. | Amna Salman-sup-Dr. Ishtiaq Qadri |
| 250 ## - EDITION STATEMENT | |
| Edition statement | 2010 |
| 260 ## - PUBLICATION, DISTRIBUTION, ETC. | |
| Place of publication, distribution, etc. | Islamabad. |
| Name of publisher, distributor, etc. | ASAB (NCVI) NUST |
| Date of publication, distribution, etc. | 2010 |
| 300 ## - PHYSICAL DESCRIPTION | |
| Extent | xiv,65 p |
| Other physical details | ill. |
| Dimensions | 30 cm |
| 630 ## - SUBJECT ADDED ENTRY--UNIFORM TITLE | |
| Uniform title | Healthcare Biotechnology |
| 9 (RLIN) | 3746 |
| 630 ## - SUBJECT ADDED ENTRY--UNIFORM TITLE | |
| Uniform title | Virology and Immunology |
| 9 (RLIN) | 3749 |
| 942 ## - ADDED ENTRY ELEMENTS (KOHA) | |
| Source of classification or shelving scheme | |
| Koha item type | |
| Withdrawn status | Lost status | Source of classification or shelving scheme | Damaged status | Not for loan | Permanent Location | Current Location | Date acquired | Total Checkouts | Full call number | Barcode | Date last seen | Price effective from | Koha item type |
|---|---|---|---|---|---|---|---|---|---|---|---|---|---|
| Atta-ur-Rahman School of Applied Biosciences (ASAB) | Atta-ur-Rahman School of Applied Biosciences (ASAB) | 05/04/2018 | Thesis 2010 AS | ASABMS-1-10 | 05/04/2018 | 05/04/2018 |
